<?xml version="1.0" encoding="UTF-8"?>
<collection xmlns="http://www.loc.gov/MARC21/slim">
  <record>
    <leader>00000nam  2200000   4500</leader>
    <controlfield tag="001">INLIS000000000009619</controlfield>
    <controlfield tag="005">20250120100816</controlfield>
    <datafield tag="035" ind1="#" ind2="#">
      <subfield code="a">0010-0121000009</subfield>
    </datafield>
    <controlfield tag="007">ta</controlfield>
    <controlfield tag="008">250120################g##########0#ind##</controlfield>
    <datafield tag="020" ind1="#" ind2="#">
      <subfield code="a">979 416 377 5</subfield>
    </datafield>
    <datafield tag="082" ind1="#" ind2="#">
      <subfield code="a">320.9</subfield>
    </datafield>
    <datafield tag="084" ind1="#" ind2="#">
      <subfield code="a">320.9 Sit e</subfield>
    </datafield>
    <datafield tag="084" ind1="#" ind2="#">
      <subfield code="a">959.8 SIT e</subfield>
    </datafield>
    <datafield tag="100" ind1=" " ind2="#">
      <subfield code="a">Sitanggang, H.</subfield>
    </datafield>
    <datafield tag="245" ind1="1" ind2="#">
      <subfield code="a">Ekologi Pemerintahan /</subfield>
      <subfield code="c">H. Sitanggang</subfield>
    </datafield>
    <datafield tag="250" ind1="#" ind2="#">
      <subfield code="a">Cetakan ke 1</subfield>
    </datafield>
    <datafield tag="260" ind1="#" ind2="#">
      <subfield code="a">Jakarta :</subfield>
      <subfield code="b">Pustaka Sinar Harapan,</subfield>
      <subfield code="c">1997</subfield>
    </datafield>
    <datafield tag="300" ind1="#" ind2="#">
      <subfield code="a">166 halaman :</subfield>
      <subfield code="b">ilus ;</subfield>
      <subfield code="c">21 cm</subfield>
    </datafield>
    <datafield tag="650" ind1="#" ind2="4">
      <subfield code="a">1. Politik-Pemerintahan</subfield>
    </datafield>
    <datafield tag="856" ind1="#" ind2="#">
      <subfield code="a">Perpustakaan Lembaga Administrasi Negara</subfield>
    </datafield>
    <datafield tag="520" ind1="#" ind2="#">
      <subfield code="a">Kedudukan dan peranan Pemerintah dalam tahun-tahun ke depan semakin memerlukan penyesuaian terhadap perkembangan. Kalau sebelumnya aparat Pemerintah berkedudukan sebagai pangreh praja, maka di masa sekarang dan mendatang, aparat Pemerintah lebih berkedudukan sebagai pamong praja. Kalau sebelumnya Pemerintah sebagai agent of change dan agent of development, maka dalam era modern sekarang ini peranan Pemerintah lebih sebagai fasilitator yang memberikan kemudahan kepada sektor nonpemerintah dan masyarakat untuk berperan serta dalam pemerintahan dan pembangunan.&#13;
Sejalan dengan hal tersebut, pimpinan Departemen Dalam Negeri berupaya menyebarluaskan dan mengembangkan berbagai materi di bidang manajemen pemerintahan. Salah satu di antaranya adalah Ekologi Pemerintahan yang melihat pemerintahan dalam dimensi ekologis. Hal ini dimaksudkan agar setiap fungsionaris dan pimpinan pemerintahan di Pusat dan Daerah senantiasa dapat mengikuti perkembangan dan perubahan yang terjadi di sekitarnya, khususnya sebagai bahan masukan utama dalam penyusunan kebijakan.</subfield>
    </datafield>
    <datafield tag="990" ind1="#" ind2="#">
      <subfield code="a">01105467</subfield>
    </datafield>
    <datafield tag="990" ind1="#" ind2="#">
      <subfield code="a">02045661</subfield>
    </datafield>
    <datafield tag="990" ind1="#" ind2="#">
      <subfield code="a">150217534</subfield>
    </datafield>
    <datafield tag="990" ind1="#" ind2="#">
      <subfield code="a">02055718</subfield>
    </datafield>
  </record>
</collection>
